| 000 | 00451nam a2200181 a 4500 | ||
|---|---|---|---|
| 020 | _a0582302498 | ||
| 040 | _cDLC | ||
| 082 | 0 | 0 | _a526 ADD 1998 A063 Co. |
| 100 | 1 | _aBannister, A. | |
| 245 | 1 | 0 | _aSurveying / |
| 250 | _a7th ed. | ||
| 260 |
_aHarlow, Essex, England : _bAddison Wesley Longman Ltd., _cc1998. |
||
| 300 |
_ax, 502 p. : _bill. ; _c24 cm. |
||
| 650 | 0 | _aSurveying. | |
| 700 | 1 | _aRaymond, Stanley. | |
| 700 | 1 | _aBaker, R. | |
| 942 | _cEK | ||
| 999 |
_c15347 _d15347 |
||